Principles of Statistical Techniques (Record no. 8545)

MARC details
000 -LEADER
fixed length control field 00623nam a22002177a 4500
003 - CONTROL NUMBER IDENTIFIER
control field OSt
005 - DATE AND TIME OF LATEST TRANSACTION
control field 20240617121258.0
008 - FIXED-LENGTH DATA ELEMENTS--GENERAL INFORMATION
fixed length control field 240617b |||||||| |||| 00| 0 eng d
020 ## - INTERNATIONAL STANDARD BOOK NUMBER
International Standard Book Number 9780521290555
020 ## - INTERNATIONAL STANDARD BOOK NUMBER
International Standard Book Number 9780521076319
040 ## - CATALOGING SOURCE
Original cataloging agency DDC
Transcribing agency MUST
082 ## - DEWEY DECIMAL CLASSIFICATION NUMBER
Edition number 22
Classification number 519.5 MOO 1969
100 ## - MAIN ENTRY--PERSONAL NAME
Personal name Moore P. G
9 (RLIN) 17350
245 ## - TITLE STATEMENT
Title Principles of Statistical Techniques
Statement of responsibility, etc. P.G. Moore
250 ## - EDITION STATEMENT
Edition statement 2nd
260 ## - PUBLICATION, DISTRIBUTION, ETC. (IMPRINT)
Place of publication, distribution, etc. United States of America
Name of publisher, distributor, etc. Cambridge University Press
Date of publication, distribution, etc. c1969
300 ## - PHYSICAL DESCRIPTION
Extent viii,288p.;
Other physical details ill:
Dimensions 21.5cm
504 ## - BIBLIOGRAPHY, ETC. NOTE
Bibliography, etc includes bibliographies and indexes
650 ## - SUBJECT ADDED ENTRY--TOPICAL TERM
Topical term or geographic name as entry element Statistics
9 (RLIN) 1274
942 ## - ADDED ENTRY ELEMENTS (KOHA)
Source of classification or shelving scheme Dewey Decimal Classification
Koha item type Open Shelf
Holdings
Withdrawn status Lost status Source of classification or shelving scheme Damaged status Not for loan Home library Current library Source of acquisition Inventory number Total Checkouts Full call number Barcode Date last seen Koha item type
    Dewey Decimal Classification     MUST Main Library MUST Main Library Purchase 10/32263   519.5 MOO 1969 2024-20650 17/06/2024 Open Shelf